[Event "AUTO-OPEN-662"]
[Site "http://www.queenalice.com/game.php?id=211788"]
[Date "2007.5.16"]
[Round "1"]
[White "Alcar"]
[Black "MarcosSP41"]
[Result "1-0"]
[WhiteElo "1696"]
[BlackElo "1487"]

1. d4 g5 2. h3 h6 3. Nc3 e6 4. e4 h5 5. Bc4 c5 6. dxc5 Bxc5 7. Nge2 Qf6 8. O-O
g4 9. Be3 gxh3 10. Bxc5 Qg5 11. Ng3 h2+ 12. Kxh2 Qh4+ 13. Kg1 Qg5 14. Be3 Qg6
15. Bd3 h4 16. e5 Qg7 17. Nce4 hxg3 18. Nxg3 Nh6 19. Nh5 Qxe5 20. f4 Qxe3+ 21.
Kh1 Nf5 22. Bxf5 Rxh5+ 23. Qxh5 exf5 24. Rae1 Qxe1 25. Rxe1+ Kd8 26. Qh8+ Kc7
27. Qe5+ d6 28. Qc3+ Nc6 29. Re7+ Kb8 30. Rxf7 a5 31. a4 Be6 32. Rf8+ Ka7 33.
Qe3+ b6 34. Rxa8+ Kxa8 35. Qxe6 Nd4 36. Qd5+ Kb8 37. Qxd6+ Ka7 38. Qxd4 Ka6 39.
Qd3+ 1-0

[Event "AUTO-OPEN-662"]
[Site "http://www.queenalice.com/game.php?id=211789"]
[Date "2007.5.16"]
[Round "1"]
[White "MarcosSP41"]
[Black "evasion"]
[Result "0-1"]
[WhiteElo "1552"]
[BlackElo "1186"]

1. e4 e5 2. Qf3 Nf6 3. g4 d5 4. exd5 Qxd5 5. g5 Qxf3 6. Nxf3 Nfd7 7. Nc3 Bb4 8.
Nd5 Bd6 9. h4 c6 10. Ne3 Nb6 11. Nc4 Nxc4 12. Bxc4 Be6 13. b3 Bxc4 14. bxc4 Nd7
15. h5 O-O-O 16. h6 g6 17. d3 Bb4+ 18. Nd2 Nc5 19. Bb2 Rhe8 20. a3 Ba5 21. a4 e4
22. O-O-O exd3 23. cxd3 Nxd3+ 24. Kc2 Nxb2 25. Kxb2 Rxd2+ 26. Rxd2 Bxd2 0-1

[Event "AUTO-OPEN-662"]
[Site "http://www.queenalice.com/game.php?id=211790"]
[Date "2007.5.16"]
[Round "1"]
[White "evasion"]
[Black "MarcosSP41"]
[Result "1-0"]
[WhiteElo "1116"]
[BlackElo "1564"]

1. d4 e6 2. e4 c5 3. c3 cxd4 4. cxd4 Qf6 5. Nf3 Nc6 6. Bg5 Qg6 7. Bd3 Ne5 8.
dxe5 Bc5 9. O-O f6 10. exf6 gxf6 11. e5 f5 12. Nc3 h6 13. Be3 b6 14. Bxc5 bxc5
15. Nb5 Kd8 16. Nd6 c4 17. Bxc4 h5 18. Nh4 Qg5 19. Nf7+ Ke7 20. Nxg5 Bb7 21.
Ng6+ Ke8 22. Nxh8 Nh6 23. Qxh5+ 1-0

[Event "AUTO-OPEN-662"]
[Site "http://www.queenalice.com/game.php?id=211791"]
[Date "2007.5.16"]
[Round "1"]
[White "MarcosSP41"]
[Black "Nep"]
[Result "0-1"]
[WhiteElo "1552"]
[BlackElo "1631"]

1. e4 e5 2. Qf3 d6 3. Bc4 Be6 4. Na3 Bxc4 5. Nxc4 Nc6 6. Qb3 Qh4 7. Qxb7 Qxe4+
8. Kf1 Rb8 9. Qxb8+ Nxb8 10. d3 Qc6 11. Bg5 h6 12. Be3 Qb7 13. Na5 Qxb2 14. Rc1
Qb5 15. Bxa7 Qxa5 16. Bxb8 Qb6 17. Ne2 Qxb8 18. c4 Nf6 19. h4 Qa7 20. Nc3 Ng4
21. Ke2 Qxf2+ 22. Kd1 Ne3# 0-1

[Event "AUTO-OPEN-662"]
[Site "http://www.queenalice.com/game.php?id=211792"]
[Date "2007.5.16"]
[Round "1"]
[White "Nep"]
[Black "MarcosSP41"]
[Result "1-0"]
[WhiteElo "1523"]
[BlackElo "1552"]

1. c4 e5 2. Nc3 Bc5 3. Nf3 g5 4. Ne4 Bb6 5. c5 Ba5 6. Nexg5 h6 7. b4 Bxb4 8.
Nxf7 Kxf7 9. Qb3+ Kf8 10. Qxb4 Na6 11. Qc3 d6 12. Ba3 Bg4 13. h3 Bh5 14. cxd6
cxd6 15. Qxe5 Nf6 16. Bxd6+ Kf7 17. Rb1 Re8 18. Rxb7+ Kg6 19. Nh4# 1-0

[Event "QA-ANNIV-03"]
[Site "http://www.queenalice.com/game.php?id=225721"]
[Date "2007.6.15"]
[Round "1"]
[White "MarcosSP41"]
[Black "smazinga"]
[Result "0-1"]
[WhiteElo "1513"]
[BlackElo "1858"]

1. e4 c5 2. Bc4 e6 3. g4 Qh4 4. Nc3 Nf6 5. Nf3 Qxg4 6. b3 Nxe4 7. Ne5 Qxd1+ 8.
Nxd1 Bd6 9. Ng4 Ng5 10. Nc3 Nc6 11. Nb5 Bb8 12. Ba3 a6 13. Nc3 b5 14. h4 Nf3+
15. Ke2 Nfd4+ 16. Kd3 b4 17. Bb2 bxc3 18. Bxc3 O-O 19. h5 d5 20. Bxd5 exd5 21.
h6 Bxg4 22. hxg7 Kxg7 23. Bb2 Bf5+ 24. Ke3 Re8# 0-1

[Event "AUTO-OPEN-471"]
[Site "http://www.queenalice.com/game.php?id=237134"]
[Date "2007.7.9"]
[Round "2"]
[White "Chamnix"]
[Black "MarcosSP41"]
[Result "1-0"]
[WhiteElo "2085"]
[BlackElo "1517"]

1. e4 e5 2. Nf3 Qf6 3. Bc4 g5 4. d4 d6 5. Nxg5 exd4 6. Nxf7 Qxf7 7. Bxf7+ Kxf7
8. Qh5+ Ke7 9. Bg5+ Nf6 10. Nd2 Nc6 11. O-O h6 12. Bxf6+ Kxf6 13. f4 Nb4 14. e5+
Ke6 15. f5+ Kxe5 16. f6+ Ke6 17. Rae1+ Kd7 18. Qe8# 1-0

[Event "AUTO-OPEN-471"]
[Site "http://www.queenalice.com/game.php?id=237135"]
[Date "2007.7.9"]
[Round "2"]
[White "MarcosSP41"]
[Black "Chamnix"]
[Result "0-1"]
[WhiteElo "1515"]
[BlackElo "2087"]

1. e4 c5 2. g4 Nc6 3. Qf3 Nd4 4. Qc3 d6 5. Nf3 Nxf3+ 6. Qxf3 g6 7. Nc3 Bg7 8.
Bc4 e6 9. Nd5 exd5 10. Bxd5 Qe7 11. d3 Nf6 12. Bg5 h6 13. Bd2 Bxg4 14. Qg3 Bh5
15. f4 Nxd5 16. c4 Nb4 17. f5 O-O 18. fxg6 fxg6 19. a3 Nc2# 0-1

[Event "AUTO-OPEN-471"]
[Site "http://www.queenalice.com/game.php?id=237142"]
[Date "2007.7.9"]
[Round "2"]
[White "marcelosi"]
[Black "MarcosSP41"]
[Result "1-0"]
[WhiteElo "1424"]
[BlackElo "1479"]

1. e4 e5 2. Bc4 Qf6 3. Nf3 g5 4. d3 Bc5 5. Bxg5 Qg6 6. Nxe5 Qxg5 7. Nxf7 Qxg2 8.
Rf1 Qg7 9. Qf3 Qxb2 10. Nxh8 Qc1+ 11. Ke2 Qxc2+ 12. Nd2 Nh6 13. Qh5+ Ke7 14.
Qxh6 Nc6 15. Qxh7+ Kd6 16. Nf7+ Ke7 17. Ne5+ Kd6 18. Nxc6 dxc6 19. Qg6+ Ke5 20.
f4+ Kd4 21. Qf6# 1-0

[Event "AUTO-OPEN-471"]
[Site "http://www.queenalice.com/game.php?id=237143"]
[Date "2007.7.9"]
[Round "2"]
[White "MarcosSP41"]
[Black "marcelosi"]
[Result "0-1"]
[WhiteElo "1507"]
[BlackElo "1404"]

1. e4 e5 2. g4 Nf6 3. Qf3 Nc6 4. Bc4 Nd4 5. Qf4 exf4 6. Nc3 Bc5 7. h4 Nxc2+ 8.
Kd1 Nxa1 9. g5 Ng4 10. Ke2 Ne5 11. Nd5 Nxc4 0-1

[Event "Challenge"]
[Site "http://www.queenalice.com/game.php?id=245120"]
[Date "2007.7.24"]
[Round "-"]
[White "rdaigle2003"]
[Black "MarcosSP41"]
[Result "1-0"]
[WhiteElo "1164"]
[BlackElo "1461"]

1. Nf3 e6 2. Nc3 Qf6 3. e4 g5 4. d4 g4 5. Ne5 c5 6. f3 Na6 7. Bb5 Qh4+ 8. g3 Qh3
9. fxg4 Bh6 10. Qf3 f6 11. Bxh6 Nxh6 12. Nd3 Nxg4 13. Nf2 Nxf2 14. Qxf2 cxd4 15.
Qxd4 Qg2 16. Rf1 Qxc2 17. Qxf6 Qxb2 18. Qxh8+ Ke7 19. Qf8# 1-0

[Event "QA-ANNIV-03"]
[Site "http://www.queenalice.com/game.php?id=246717"]
[Date "2007.7.27"]
[Round "2"]
[White "dany"]
[Black "MarcosSP41"]
[Result "0-1"]
[WhiteElo "1226"]
[BlackElo "1431"]

1. e4 e5 2. Nf3 Qf6 3. Bc4 g5 4. O-O g4 5. Ne1 h5 6. d3 Nh6 7. Nc3 h4 8. Nd5 Qc6
9. b4 h3 10. b5 Qd6 11. gxh3 gxh3 12. Nf3 Rg8+ 13. Ng5 Kd8 14. a4 Be7 15. Re1
Bxg5 16. f3 Bxc1+ 17. Kf2 Bg5 18. Re2 Bh4+ 19. Ke3 c6 20. Qd2 cxd5 21. Bxd5 f5
22. Bxg8 Nxg8 23. Rg1 Qh6+ 24. f4 Qxf4# 0-1

[Event "AEAP"]
[Site "http://www.queenalice.com/game.php?id=256801"]
[Date "2007.8.17"]
[Round "4"]
[White "MarcosSP41"]
[Black "mvson33"]
[Result "0-1"]
[WhiteElo "1429"]
[BlackElo "1691"]

1. e4 e5 2. g4 d5 3. Nc3 d4 4. Nd5 Be6 5. Nh3 Bxd5 6. exd5 Qxd5 7. Rg1 Bc5 8.
Bg2 e4 9. d3 Nc6 10. Nf4 Qd6 11. dxe4 Nf6 12. Nh5 Nxh5 13. gxh5 Qxh2 14. Kf1 Ne5
15. Rh1 Qxh1+ 16. Bxh1 O-O 17. Bf4 Nc4 18. Qg4 g6 19. e5 c6 20. e6 f5 21. Qg5
Rae8 0-1

[Event "AUTO-INT-579"]
[Site "http://www.queenalice.com/game.php?id=257322"]
[Date "2007.8.18"]
[Round "1"]
[White "Fernando_Bilk_Marques"]
[Black "MarcosSP41"]
[Result "1-0"]
[WhiteElo "1568"]
[BlackElo "1427"]

1. e4 e5 2. Nf3 g5 3. d4 g4 4. Nxe5 h5 5. Be2 d6 6. Nd3 Nf6 7. Bg5 h4 8. e5 dxe5
9. dxe5 h3 10. g3 Bh6 11. Bxf6 Qd5 12. Rg1 Bf5 13. Bxh8 Be4 14. Nc3 Qa5 15. Bxg4
Bg2 16. Bf6 Nd7 17. Bf3 1-0

[Event "AUTO-INT-579"]
[Site "http://www.queenalice.com/game.php?id=257323"]
[Date "2007.8.18"]
[Round "1"]
[White "MarcosSP41"]
[Black "Fernando_Bilk_Marques"]
[Result "0-1"]
[WhiteElo "1438"]
[BlackElo "1557"]

1. e4 e5 2. g4 d6 3. Qf3 h6 4. h3 Nf6 5. d3 Be7 6. Nc3 O-O 7. h4 Bxg4 8. Qe3 Nc6
9. Nf3 Re8 10. Nh2 Nd4 11. Qd2 Nf3+ 12. Nxf3 Bxf3 13. Nd5 Bxh1 14. Qa5 Nxd5 15.
exd5 Bxh4 16. Be2 c6 17. c4 Qxa5+ 0-1

[Event "Challenge"]
[Site "http://www.queenalice.com/game.php?id=264392"]
[Date "2007.8.31"]
[Round "-"]
[White "nandoveneno"]
[Black "MarcosSP41"]
[Result "1-0"]
[WhiteElo "1683"]
[BlackElo "1445"]

1. e4 e5 2. a3 Qf6 3. Bc4 Bc5 4. Qf3 h5 5. Nc3 c6 6. d3 g5 7. Qxf6 Nxf6 8. b4
Bd4 9. Nge2 Bb6 10. Na4 Ng4 11. Nxb6 axb6 12. O-O b5 13. Ba2 h4 14. Bxg5 1-0

[Event "Challenge"]
[Site "http://www.queenalice.com/game.php?id=473284"]
[Date "2008.10.5"]
[Round "-"]
[White "mrcoelho"]
[Black "MarcosSP41"]
[Result "1-0"]
[WhiteElo "1828"]
[BlackElo "1392"]

1. e4 e6 2. d4 Bb4+ 3. c3 Ba5 4. b4 Bb6 5. a4 a5 6. b5 c5 7. bxc6 Nxc6 8. d5 Qf6
9. Nf3 Ne5 10. Be2 exd5 11. Bg5 Qc6 12. Nxe5 Qxc3+ 13. Nxc3 1-0